Of mice and men

Guardado en:
Detalles Bibliográficos
Autor principal: Steinbeck, John (Autor)
Formato: Libro
Lenguaje:inglés
Publicado: Nueva York The Modern Library 1937
Colección:<The >Modern Library of the World's Best Books
Materias:
Etiquetas: Agregar Etiqueta
Sin Etiquetas, Sea el primero en etiquetar este registro!

MARC

LEADER 00000nam a2200000 a 4500
001 UCT2511
003 CL-VaPUC
008 961011e19370000US |||||||||||||||||eng|d
082 0 4 |a 813  |b STE  |2 21 
100 0 |a Steinbeck, John  |e author  |9 371531 
245 1 0 |a Of mice and men 
300 |a 186 p 
942 |c BK 
945 |d 19961011 00:00:00  |a rleighto 
260 |a Nueva York  |b The Modern Library  |c 1937 
650 0 |a Novelas estadounidenses  |9 265217 
583 |a last modification  |c 19961011 00:00:00  |k Rodrigo Vera 
490 0 |a <The >Modern Library of the World's Best Books 
999 |c 252577  |d 252575 
952 |0 0  |1 0  |4 0  |6 813_000000000000000_STE_1937  |7 0  |8 A  |9 272502  |a BIBEDU  |b BIBEDU  |d 2019-11-19  |i 3240045  |o 813 STE 1937  |p 3240045  |r 2019-11-19  |w 2019-11-19  |y BK  |k LIT 
952 |0 0  |1 0  |4 0  |6 813_000000000000000_STE_1937  |7 0  |8 A  |9 272503  |a BIBEDU  |b BIBEDU  |d 2019-11-19  |i 1932470  |o 813 STE 1937  |p 1932470  |r 2019-11-19  |w 2019-11-19  |y BK  |k LIT